| 000 | 00843cam a2200229 a 4500 | ||
|---|---|---|---|
| 020 | _a0761964789 | ||
| 020 | _a0761964797 (pbk) | ||
| 082 | 0 | 0 |
_a338.91 _bROB |
| 245 | 0 | 0 |
_aManaging development : _bunderstanding inter-organizational relationships / _cedited by Dorcas Robinson, Tom Hewitt, John Harriss. |
| 260 |
_aLondon ; _aThousand Oaks, Calif. : _bSAGE, _c2000. |
||
| 300 |
_a360 p. : _bill. ; _c23 cm. |
||
| 500 | _aPublished in association with the Open University. | ||
| 526 |
_a0 _b0 _c0 _d338_910000000000000_ROB |
||
| 650 | 0 |
_aEconomic development. _96798 |
|
| 650 | 0 |
_aInternational cooperation. _912487 |
|
| 650 | 0 |
_aInterorganizational relations. _bNUST _936283 |
|
| 700 | 1 |
_aHarriss, John. _936284 |
|
| 700 | 1 |
_aHewitt, Tom _936285 |
|
| 700 | 1 |
_aRobinson, Dorcas. _936286 |
|
| 710 | 2 |
_aOpen University. _936287 |
|
| 942 |
_2ddc _cBK |
||
| 999 |
_c541428 _d541428 |
||